000 00521nam a2200169 i 4500
001 26525
003 ES-MaACL
005 20230906153445.0
007 t|
008 030109s1966 sp a |||| | spa d
100 1 _aArévalo y Carretero, Celso.
_922669
245 1 0 _aIntroducción al conocimiento de la flora de España /
_cpor Celso Arévalo y Carretero.
260 _a[Oviedo :
_bs.n.,
_c1966] (
_fImp. Cruz)
300 _a231 p. :
_bil. ;
_c18 cm.
650 4 _aFlora-
_zEspaña.
_9152605
852 _aES-MaACL
_jC-31396
999 _c26525
_d26525